000 00419cam a22001337a 4500
008 180718b1990 xxu||||| |||| 00| 0 eng d
082 _aZ3x5452 R162 CRS
100 _aRangaswamy, P.
245 _aDry farming technology in India: a study of its profitability in selected areas
_cby P. Rangaswamy
250 _a2nd ed
260 _aDelhi
_bAgricole
_c1990
300 _a203p.
650 _aDry farming - India - Tamil Nadu
999 _c352195
_d352195